Illmatic Quiz - Statistics

General Stats
  • This quiz has been taken 127 times
  • The average score is 8 of 10
Answer Stats
Track Listing % Correct
N.Y. State of Mind
98%
The World Is Yours
93%
Life's a Bitch
87%
One Love
85%
Represent
84%
The Genesis
84%
Halftime
82%
It Ain't Hard to Tell
76%
Memory Lane (Sittin' in da Park)
73%
One Time 4 Your Mind
67%
No matching quizzes found
Score Distribution
Percent of People with Each Score
Percentile by Number Answered
Your Score History
You have not taken this quiz